000 00852nam a22002537i 4500
003 DO-SdBNP
005 20250307090452.0
007 ta
008 240501b1977 dr ||||| |||| 00| 0 spa d
040 _aDO-SdBNP
_bspa
_cBNPHU
_erda
041 _aspa
082 4 _222
100 1 _aPadilla d'Onis, Luis,
_eautor
_957781
_4aut.
245 1 0 _aEl general Antonio Duverge ante el concepto de la historia :
_bsemblanza /
_cLuis Padilla d'Onis
264 _aSanto Domingo, República Dominicana :
_bEditorial Padilla
_c1977.
300 _a95 páginas ;
_c23 cm.
336 _atexto
_btxt
_2rdacontent
337 _asin mediación
_bn
_2rdamedia
338 _avolumen
_bnc
_2rdacarrier
590 _aInventariado, 2024/LP
600 1 4 _aDuverge, Antonio,
_d1807-1845
_985355
650 4 _aRepública Dominicana
_vHistoria
_y1845-1930
_985356
942 _2ddc
_cLBS1
999 _c56568
_d56568